000
00313nam a2200133Ia 4500
005
20251222144916.0
008
251222s9999||||xx |||||||||||||| ||spa||
020
_a
84-86743-62-3
082
_a
330.1/T18
100
_a
Tamames, Ramón
245
0
_a
Viaje al Centro de la Economía
264
_b
CDN
942
_c
LIB
999
_c
22532
_d
22532